000
00219 a2200097 4500
001
53083
100
_a
Desloge E A
245
_a
Clinical Mechanics (Vol-I)
260
_a
New York
_b
John-Wiley
_c
090
_c
33370
_d
33370
942
_a
NUST-CAE
_c
M
_c
25970
999
_c
288156
_d
288156